Studies in district development Purulia, Saharanpur, Malappuam, Koraput (Record no. 476853)

000 -LEADER
fixed length control field 00488cam a22001337a 4500
008 - FIXED-LENGTH DATA ELEMENTS--GENERAL INFORMATION
fixed length control field 180718b1983 xxu||||| |||| 00| 0 eng d
082 ## - DEWEY DECIMAL CLASSIFICATION NUMBER
Classification number T2196x54 In2st
100 ## - MAIN ENTRY--PERSONAL NAME
Personal name Doraiswamy, Ravathi
245 ## - TITLE STATEMENT
Title Studies in district development Purulia, Saharanpur, Malappuam, Koraput
Statement of responsibility, etc. by Revathi Doraiswamy and others
260 ## - PUBLICATION, DISTRIBUTION, ETC.
Place of publication, distribution, etc. Bangalore
Name of publisher, distributor, etc. Indian Institute of Management
Date of publication, distribution, etc. 1983
300 ## - PHYSICAL DESCRIPTION
Extent v.p.
650 ## - SUBJECT ADDED ENTRY--TOPICAL TERM
Topical term or geographic name entry element Industry, Small -Scale - India
700 ## - ADDED ENTRY--PERSONAL NAME
Personal name Indian Institute of Management, Bangalore
Holdings
Withdrawn status Lost status Damaged status Not for loan Permanent Location Current Location Date acquired Full call number Barcode Date last seen Price effective from Koha item type
        Indian Institute of Public Administration Indian Institute of Public Administration 2018-08-04 T2196x54 In2st GR11270 2018-08-04 2018-08-04 GR

Powered by Koha